000
00256nam a2200109Ia 4500
008
221009s9999 xx 000 0 und d
082
_a
910
100
_a
Majid Husain
245
0
_a
Indian and World Geography
260
_b
McGraw Hill Eduction
942
_c
BK
999
_c
65175
_d
65175